000 00388nam a22001457a 4500
005 20200610144056.0
008 200610b xxu||||| |||| 00| 0 eng d
082 _a345.4 AIR
110 _aALL INDIA REPORTER
_95937
245 _aALL INDIA REPORTER,[1977] [VOL-64] SUPREME COURT SECTION
260 _aBOMBAY
_bALL INDIA REPORTER
300 _a2448;p
650 _aLAW
_95701
942 _cJRL
999 _c6999
_d6997